000 00349nam a2200145Ia 4500
008 260223s2014 xx 000 0 und d
020 _a9789383290420
041 _aeng
082 _a610.734/SAN
100 _aRahane Sanjay
245 _aCommunity Health NSG-I
260 _aB.S.B. Pune
_bPV, Pub
_c2014
300 _a238P
650 _aCommunity
999 _c1216409
_d1216409